| 000 | 00956nam a2200193Ia 4500 | ||
|---|---|---|---|
| 999 |
_c38807 _d38807 |
||
| 001 | 5170 | ||
| 003 | GE_BSU | ||
| 005 | 20190601004054.0 | ||
| 008 | 181216s1979||||ge |||||||||||||| ||geo|| | ||
| 040 | _cGE_BSU | ||
| 041 | _ageo | ||
| 080 | _a004.43 ა-34 | ||
| 245 |
_aავტოპროგრამირების ენა (პროგრამირების მეთოდიკა ეცგმ "ნაირის" ავტოკოდზე) ; _bშემდგ. : მ. გოთოშია, ე. ჯიმშელეიშვილი და სხვ. ; რედ. ე. გიორგაძე. |
||
| 264 |
_aთბილისი : _bსპი, _c1979. |
||
| 300 |
_a72 გვ. ; _c20 სმ. |
||
| 653 | _aავტოპროგრამირების ენა | ||
| 653 | _aპროგრამირების მეთოდიკა ეცგმ "ნაირის" ავტოკოდზე | ||
| 942 |
_cBK _2udc |
||